|
|
|
|
| LEADER |
01202nam a2200325 i 4500 |
| 001 |
39109 |
| 003 |
BD-DhAAL |
| 008 |
220726t2011 bg 000 0 eng d |
| 999 |
|
|
|c 44644
|d 44644
|
| 010 |
|
|
|a 2014359715
|
| 025 |
|
|
|a B-E-2014359715
|
| 035 |
|
|
|a (MFDhaka) 2014359715
|
| 037 |
|
|
|b Library of Congress -- New Delhi Overseas Office
|
| 040 |
|
|
|a DLC
|b eng
|e rda
|c DLC
|d DLC
|d BD-DhAAL
|
| 042 |
|
|
|a lcode
|a pcc
|
| 050 |
0 |
0 |
|a HG3290.6.A6
|b A353 2011
|
| 082 |
|
|
|a 332.12092
|2 23
|
| 100 |
1 |
|
|a Ahmed, A. K. N.,
|e author.
|9 50239
|
| 245 |
1 |
0 |
|a Lonely thoughts /
|c A.K.N. Ahmed.
|
| 264 |
|
1 |
|a Dhaka :
|b Syed Arifur Rahman,
|c 2011.
|
| 300 |
|
|
|a 54 pages ;
|c 23 cm.
|
| 541 |
|
|
|a Donated By Akbar Ali Khan
|e 39109
|
| 650 |
|
0 |
|a Ahmed, A. K. N.
|9 50240
|
| 650 |
|
0 |
|a Bankers
|z Bangladesh
|x Biography.
|9 50241
|
| 650 |
|
0 |
|a Bankers
|z Bangladesh
|x Philosophy.
|9 50242
|
| 650 |
|
0 |
|a Bankers
|z Bangladesh
|x Attitudes.
|9 50243
|
| 650 |
|
0 |
|a Economics.
|9 50244
|
| 852 |
|
|
|a Ayesha Abed Library
|c Akbar Ali Khan Collection
|
| 942 |
|
|
|2 ddc
|c BK
|
| 952 |
|
|
|0 0
|1 0
|2 ddc
|4 0
|6 332_120920000000000_AHM
|7 1
|9 71334
|a BRACUL
|b BRACUL
|c AAKC
|d 2022-07-26
|e Donated by Akbar Ali Khan
|l 0
|o 332.12092 AHM
|p 3010039109
|r 2022-07-26
|t 1
|w 2022-07-26
|y BK
|